Statistics for Name a Valid Country of Each Name Length

Click here to take the quiz!

General Stats

  • This quiz has been taken 34,371 times
    (30,269 since last reset)
  • The average score is 8 of 10

Answer Stats

LengthAnswer# of Countries% Correct
6Angola, Belize, Bhutan, Brazil...32
99%
5Benin, Chile, China, Egypt...24
99%
4
Chad, Cuba, Fiji, Iran, Iraq, Laos, Mali, Oman, Peru ,Togo
10
99%
7Albania, Algeria, Andorra, Armenia...41
98%
8Barbados, Botswana, Bulgaria, Cambodia...24
95%
9
Argentina, Australia, Guatemala, ...
9
91%
10Azerbaijan, Bangladesh, Kazakhstan, ...12
90%
11Afghanistan, Netherlands, Philippines, Switzerland4
74%
12Turkmenistan1
57%
13Liechtenstein1
42%

Score Distribution

Percentile by Number Answered

Percent of People with Each Score

Your Score History

You have not taken this quiz since the last reset